[Event "Druzynowe Mistrzostwa Polski Juniorow 2019 - II Liga"]
[Site "Szczyrk"]
[Date "1899-12-30"]
[Round "6.47"]
[White "Pisarek, Elzbieta"]
[Black "Skiba, Aleksandra"]
[Result "0-1"]
[WhiteTitle "I"]
[BlackTitle "I++"]
[WhiteElo "1605"]
[BlackElo "1795"]

1. e4 d5 2. exd5 Qxd5 3. Nc3 Qd6 4. d4 Nf6 5. h3 c6 6. Nf3 Bf5 7. Be3 e6 8. Be2
Nbd7 9. O-O Be7 10. Qd2 Nb6 11. Nh4 Bg6 12. Nxg6 hxg6 13. Bf4 Qd7 14. Be5 O-O
15. Rad1 Rad8 16. Qd3 Nbd5 17. Nxd5 cxd5 18. Bxf6 Bxf6 19. c3 Rb8 20. b3 Rbc8
21. Rc1 Rc7 22. Rfd1 Rd8 23. Rc2 Qd6 24. Rdc1 Rdc8 25. Bf3 Qb6 26. Kf1 a6 27.
Be2 Qd6 28. Kg1 Qf4 29. g3 Qd6 30. Kg2 Rc6 31. Bf3 b5 32. Qd2 R6c7 33. Qd3 Qb6
34. Be2 Rc6 35. Bf3 Bg5 36. Rd1 Qc7 37. c4 bxc4 38. bxc4 Rxc4 39. Rxc4 Qxc4 40.
Be2 a5 41. f4 Qxd3 42. Bxd3 Bf6 43. Kf3 Rc3 44. Ke2 Bxd4 45. g4 Bc5 46. h4 Bb4
47. f5 gxf5 48. gxf5 Ra3 49. Rc1 Rxa2+ 50. Kf3 e5 51. Bb5 Ra3+ 52. Kg2 Rc3 53.
Rd1 d4 54. h5 Be7 55. Rd2 Rc5 56. Ba4 Rc4 57. Bb5 Rb4 58. Bc6 Rb6 59. Bf3 a4 60.
Ra2 a3 61. Be4 Rb3 62. Kf2 Rh3 63. Rc2 Rh2+ 64. Bg2 Rxh5 65. Kf3 Rxf5+ 66. Ke4
Rg5 67. Bf3 g6 68. Kd5 Kg7 69. Kc4 Rg3 70. Bd5 Rc3+ 71. Rxc3 dxc3 72. Kxc3 f5
73. Bc4 Kf6 0-1

[Event "Druzynowe Mistrzostwa Polski Juniorow 2019 - II Liga"]
[Site "Szczyrk"]
[Date "1899-12-30"]
[Round "6.48"]
[White "Luniewska, Daria"]
[Black "Bialek, Alicja"]
[Result "0-1"]
[WhiteTitle "II+"]
[BlackTitle "I"]
[WhiteElo "1335"]
[BlackElo "1367"]

1. d4 Nf6 2. Nf3 c5 3. c3 cxd4 4. cxd4 g6 5. Bf4 Bg7 6. e3 O-O 7. Bd3 Nc6 8. Nc3
d5 9. O-O Re8 10. Rc1 a6 11. Ne5 Nxe5 12. Bxe5 b5 13. b4 Ng4 14. Bxg7 Kxg7 15.
h3 Nh6 16. Qf3 Bb7 17. a3 f6 18. Bb1 Qd7 19. Rfd1 Rad8 20. Ba2 Nf7 21. Rd2 e6
22. h4 Nd6 23. h5 Nc4 24. Bxc4 dxc4 25. Qe2 Qc6 26. f4 Rg8 27. hxg6 Kxg6 28. Qg4+
Kf7 29. Qh5+ Kg7 30. Rcc2 Kh8 31. Kf1 Rg6 32. Qh3 Rdg8 33. e4 Rg4 34. d5 exd5
35. Rxd5 Rxf4+ 36. Rf2 Rxf2+ 37. Kxf2 Qe8 38. Rh5 Bxe4 39. Nxe4 Qxe4 40. Rf5 Rxg2+
41. Qxg2 Qxf5+ 0-1

[Event "Druzynowe Mistrzostwa Polski Juniorow 2019 - II Liga"]
[Site "Szczyrk"]
[Date "1899-12-30"]
[Round "6.49"]
[White "Wnek, Filip"]
[Black "Jarzebowski, Kacper"]
[Result "0-1"]
[WhiteTitle "I++"]
[BlackTitle "k"]
[WhiteElo "1749"]
[BlackElo "1987"]

1. e4 d5 2. exd5 Qxd5 3. Nc3 Qd6 4. d4 Nf6 5. Nf3 a6 6. Be3 e6 7. Qd2 b5 8. Bf4
Qb6 9. a3 Bb7 10. Be2 Nbd7 11. O-O c5 12. Rad1 cxd4 13. Nxd4 Be7 14. Be3 Qc7 15.
Bf3 Bxf3 16. Nxf3 O-O 17. Bf4 Qb6 18. Bd6 Bxd6 19. Qxd6 Rfd8 20. Rd2 Nd5 21. Qxb6
N7xb6 22. Nxd5 Rxd5 23. Rxd5 Nxd5 24. Rd1 Rc8 25. Rd2 Kf8 26. Kf1 Ke7 27. g3 h6
28. Ke2 g6 29. Nh4 g5 30. Ng2 f5 31. Ne3 Nxe3 32. Kxe3 e5 33. c3 Ke6 34. Rd1 h5
35. h3 Rh8 36. a4 h4 37. axb5 axb5 38. Rh1 hxg3 39. fxg3 Kd5 40. b3 e4 41. Rf1
Ke5 42. h4 gxh4 43. Rh1 Rc8 44. gxh4 Rxc3+ 45. Ke2 Rxb3 46. Rc1 Rb2+ 47. Ke1 b4
48. Rc5+ Kf4 49. h5 Rh2 50. Rb5 Ke3 51. Kf1 Rxh5 52. Rxb4 Kf3 53. Kg1 f4 54. Rb3+
e3 55. Rb2 Rg5+ 56. Kf1 e2+ 0-1

[Event "Druzynowe Mistrzostwa Polski Juniorow 2019 - II Liga"]
[Site "Szczyrk"]
[Date "1899-12-30"]
[Round "6.50"]
[White "Bujalski, Mateusz"]
[Black "Budkiewicz, Magdalena"]
[Result "1/2-1/2"]
[WhiteTitle "I"]
[BlackTitle "I++"]
[WhiteElo "1734"]
[BlackElo "1623"]

1. e4 c5 2. Nc3 e6 3. g3 Nc6 4. Bg2 Nf6 5. d3 Be7 6. f4 d6 7. Nf3 O-O 8. O-O a6
9. Bd2 b5 10. e5 Nd5 11. exd6 Bxd6 12. Ne4 Be7 13. Ne5 Bb7 14. Nxc6 Bxc6 15. Qe2
Qb6 16. c4 Nb4 17. Bc3 Bb7 18. f5 exf5 19. Rxf5 f6 20. a3 Nc6 21. Nf2 Rae8 22.
Bd5+ Kh8 23. Be4 Nd4 24. Bxd4 cxd4 25. Rh5 Bxe4 26. Qxe4 f5 27. Rxf5 Bf6 28. c5
Rxe4 29. cxb6 Re6 30. b7 Rb6 31. Ne4 Rxb7 32. Nc5 Ra7 33. Ne6 Re8 34. Rc1 h6 35.
Nf4 Re3 36. Kf2 Bg5 37. Ng6+ Kh7 38. Nf8+ Kg8 39. Rc8 Bf6 40. Ng6+ Kh7 41. Nf4
Bg5 42. Rff8 Bxf4 43. gxf4 g5 44. fxg5 hxg5 45. Rf3 Rae7 46. Rxe3 Rxe3 47. Rc7+
Kg8 48. Rc6 Rxd3 49. Rxa6 Rd2+ 50. Kg3 Rxb2 51. Rg6+ Kf7 52. Rxg5 d3 53. Kf3 Rxh2
54. Rxb5 Rh3+ 55. Kf2 d2 56. Ke2 Rxa3 1/2-1/2

[Event "Druzynowe Mistrzostwa Polski Juniorow 2019 - II Liga"]
[Site "Szczyrk"]
[Date "1899-12-30"]
[Round "6.51"]
[White "Rainer, Piotr"]
[Black "Zdybel, Przemyslaw"]
[Result "0-1"]
[WhiteTitle "I"]
[BlackTitle "I"]
[WhiteElo "1445"]
[BlackElo "1710"]

1. e4 c5 2. Nf3 d6 3. d4 cxd4 4. Nxd4 Nf6 5. Nc3 a6 6. a4 e5 7. Nf3 Be7 8. Bc4
O-O 9. Bg5 Be6 10. Bb3 Nbd7 11. a5 Nc5 12. Bxf6 Bxf6 13. Bd5 Qc7 14. O-O Be7 15.
b4 Nd7 16. Na4 Bxd5 17. exd5 f5 18. Nd2 Bg5 19. Rc1 e4 20. Qe2 Rae8 21. c3 Ne5
22. Rc2 Nd3 23. Ra2 Qf7 24. Nb6 Nf4 25. Qd1 Nxd5 26. Nxe4 Nxb6 27. Nxd6 Qxa2 28.
Nxe8 Rxe8 29. Qh5 Qf7 30. Qxg5 Nd5 31. Qd2 Rc8 32. Rc1 Nf6 33. f3 Qc4 34. Qc2
Qf4 35. Re1 Rc7 36. Qb3+ Kh8 37. b5 h6 38. bxa6 bxa6 39. Qb8+ Kh7 40. Qb6 Qc4
0-1

[Event "Druzynowe Mistrzostwa Polski Juniorow 2019 - II Liga"]
[Site "Szczyrk"]
[Date "1899-12-30"]
[Round "6.52"]
[White "Wieckowski, Michal"]
[Black "Micula, Jakub"]
[Result "1/2-1/2"]
[WhiteTitle "II+"]
[BlackTitle "II+"]
[WhiteElo "1383"]
[BlackElo "1320"]

1. e4 c5 2. Nc3 Nc6 3. f4 g6 4. Nf3 Bg7 5. Bc4 a6 6. a4 e6 7. d3 Nge7 8. Ba2 O-O
9. O-O d5 10. e5 h5 11. Ne2 Nf5 12. d4 c4 13. c3 b5 14. g3 Bd7 15. h3 bxa4 16.
Qe1 Na5 17. g4 hxg4 18. hxg4 Ne7 19. Qh4 f6 20. Rf2 Kf7 21. Qg3 Rh8 22. exf6 Bxf6
23. f5 gxf5 24. Bg5 Qb8 25. Bxf6 Qxg3+ 26. Nxg3 Kxf6 27. g5+ Kg7 28. Ne5 Be8 29.
Ne2 Nac6 30. Nf4 Nxe5 31. Nxe6+ Kf7 32. Nc7 Ra7 33. Nxe8 Rxe8 34. dxe5 Kg6 35.
Bb1 Kxg5 36. Bc2 Rf8 37. Raf1 Kg6 38. Rg2+ Kf7 39. Bxf5 Nxf5 40. Rxf5+ Ke8 41.
Rxf8+ Kxf8 42. Kf2 Rg7 43. Rh2 Re7 44. Rh6 Rxe5 45. Rxa6 Ke7 46. Rxa4 Kf6 47.
Kf3 Rh5 48. Ra8 Rh2 49. Rb8 Ke5 50. Re8+ Kd6 51. Re2 Rxe2 52. Kxe2 Ke5 53. Ke3
Kf5 54. Kf3 Ke5 1/2-1/2

[Event "Druzynowe Mistrzostwa Polski Juniorow 2019 - II Liga"]
[Site "Szczyrk"]
[Date "1899-12-30"]
[Round "6.53"]
[White "Zablocka, Katarzyna"]
[Black "Wolszczak, Natalia"]
[Result "1-0"]
[WhiteTitle "I"]
[BlackTitle "I"]
[WhiteElo "1255"]
[BlackElo "1217"]

1. e4 c5 2. Nf3 d6 3. d4 cxd4 4. Nxd4 Nf6 5. Nc3 a6 6. Be2 e6 7. O-O Be7 8. Be3
Nbd7 9. Nb3 b5 10. a3 Bb7 11. Qd4 Rc8 12. f4 e5 13. Qd3 O-O 14. f5 Nb6 15. Bxb6
Qxb6+ 16. Kh1 Rfd8 17. Bf3 Rd7 18. Qe2 Qc7 19. Rac1 d5 20. Rfe1 d4 21. Nd1 Ne8
22. Nf2 Bg5 23. Nd2 Qa5 24. Nb3 Qc7 25. Nd2 Nd6 26. f6 Nc4 27. Nxc4 Qxc4 28. Bg4
Qxe2 29. Rxe2 Bxc1 30. Bxd7 Rc7 31. Nd3 Bxb2 32. Nxb2 Rxd7 33. fxg7 Kxg7 34. Nd3
Re7 35. Kg1 f6 36. g4 Rc7 37. g5 Kf7 38. gxf6 Kxf6 39. Rf2+ Ke6 40. Rf5 Rg7+ 41.
Kf2 Rf7 42. Nc5+ Kd6 43. Rxf7 Kxc5 44. Rxb7 Kc4 45. Rc7# 1-0

[Event "Druzynowe Mistrzostwa Polski Juniorow 2019 - II Liga"]
[Site "Szczyrk"]
[Date "1899-12-30"]
[Round "6.54"]
[White "Czarkowska, Dalia"]
[Black "Gaczol, Julia"]
[Result "0-1"]
[WhiteTitle "II+"]
[BlackTitle "I"]
[WhiteElo "1000"]
[BlackElo "1338"]

1. e4 c5 2. Nf3 e6 3. d4 cxd4 4. Nxd4 a6 5. c4 Qc7 6. Nc3 Nf6 7. a3 b6 8. Be3 Bb7
9. Qd3 d6 10. Be2 Nbd7 11. Nf3 Be7 12. O-O Nc5 13. Bxc5 dxc5 14. Rfe1 Rd8 15.
Qc2 Bd6 16. h3 O-O 17. Bd3 Nd7 18. Kf1 Ne5 19. Nxe5 Bxe5 20. Re3 Qe7 21. Ne2 Bc6
22. Ng3 b5 23. Qe2 Bd4 24. Rf3 Rb8 25. Rb1 f5 26. b3 f4 27. Nh1 e5 28. b4 Bd7
29. Qa2 Kh8 30. Qc2 g5 31. cxb5 axb5 32. Be2 c4 33. Rd1 g4 34. hxg4 Bxg4 35. Rb1
Bxf3 36. Bxf3 Qh4 37. Kg1 Rf6 38. Qe2 Rh6 39. g3 fxg3 40. Bg2 gxf2+ 41. Nxf2 Rf8
42. Rf1 Qh2# 0-1

[Event "Druzynowe Mistrzostwa Polski Juniorow 2019 - II Liga"]
[Site "Szczyrk"]
[Date "1899-12-30"]
[Round "6.55"]
[White "Lichorad, Mateusz"]
[Black "Kania, Dominik"]
[Result "0-1"]
[WhiteTitle "I"]
[BlackTitle "I"]
[WhiteElo "1801"]
[BlackElo "1948"]

1. e4 e5 2. Nf3 Nc6 3. Bc4 Bc5 4. c3 Nf6 5. d3 d6 6. O-O a6 7. Bb3 Ba7 8. Nbd2
h6 9. Re1 g5 10. Nf1 g4 11. N3d2 h5 12. Nc4 h4 13. Be3 Bd7 14. Bxa7 Nxa7 15. d4
Nc6 16. Qd3 Qe7 17. Rad1 O-O-O 18. g3 Nh7 19. Rd2 Ng5 20. Bd1 Qf6 21. d5 Ne7 22.
Na5 Nh3+ 23. Kg2 Ng6 24. Qe3 Kb8 25. c4 hxg3 26. fxg3 Qg5 27. Qb3 Bc8 28. Nc6+
Ka8 29. Nxd8 Rxd8 30. Qe3 Qh5 31. b4 f5 32. exf5 Bxf5 33. b5 Ng5 34. Qb3 Rf8 35.
bxa6 Be4+ 0-1

[Event "Druzynowe Mistrzostwa Polski Juniorow 2019 - II Liga"]
[Site "Szczyrk"]
[Date "1899-12-30"]
[Round "6.56"]
[White "Gardian, Adam"]
[Black "Kupiecki, Szymon"]
[Result "1/2-1/2"]
[WhiteTitle "I"]
[BlackTitle "I"]
[WhiteElo "1770"]
[BlackElo "1573"]

1. d4 Nf6 2. Nf3 g6 3. c4 Bg7 4. Nc3 d6 5. Bg5 O-O 6. e3 Re8 7. Qc2 Nbd7 8. Be2
a6 9. O-O h6 10. Bh4 e5 11. dxe5 Nxe5 12. Rfd1 g5 13. Bg3 Qe7 14. Nxe5 dxe5 15.
e4 c6 16. Na4 b5 17. Nb6 Rb8 18. Nxc8 Rbxc8 19. a4 b4 20. c5 a5 21. Rd6 Red8 22.
Rad1 Ne8 23. Bg4 Nxd6 24. cxd6 Qb7 25. Bxc8 Qxc8 26. Qc5 Qe6 27. Qxc6 Bf8 28.
f3 Bxd6 29. Bf2 Rc8 30. Qb6 Be7 31. Qxa5 Qb3 32. Qd5 Qxb2 33. Qb7 Qc2 34. Rf1
Bf8 35. a5 Rc7 36. Qb8 Rc8 37. Qb7 Rc7 38. Qb8 Rc8 39. Qb7 Rc7 1/2-1/2

[Event "Druzynowe Mistrzostwa Polski Juniorow 2019 - II Liga"]
[Site "Szczyrk"]
[Date "1899-12-30"]
[Round "6.57"]
[White "Krawczyk, Flawian"]
[Black "Kubica, Dominik"]
[Result "1/2-1/2"]
[WhiteTitle "I"]
[BlackTitle "II+"]
[WhiteElo "1848"]
[BlackElo "1438"]

1. e4 d5 2. exd5 Qxd5 3. Nf3 Nf6 4. d4 Bg4 5. Be2 e6 6. O-O Nc6 7. c4 Qd7 8. Ne5
Nxe5 9. dxe5 Qxd1 10. Bxd1 Bxd1 11. Rxd1 Nd7 12. Bf4 Bc5 13. Nc3 h6 14. a3 g5
15. Bg3 O-O-O 16. b4 Be7 17. c5 h5 18. h3 h4 19. Bh2 a6 20. Ne4 Rdg8 21. f3 Rh6
22. Nf2 Rd8 23. Ng4 Rhh8 24. Kf2 b6 25. cxb6 Nxb6 26. Ne3 Rxd1 27. Rxd1 Rd8 28.
Rxd8+ Kxd8 29. f4 Kd7 30. Ke2 c5 31. bxc5 Bxc5 32. fxg5 Bxa3 33. Nc2 Bc1 34. Kd3
Bxg5 35. Nd4 Nd5 36. Nf3 Be7 37. g3 hxg3 38. Bxg3 Ke8 39. Nd2 a5 40. Nc4 a4 41.
Kc2 Kf8 42. Kb2 Bc5 43. h4 Kg7 44. h5 Kh6 45. Nd6 Bxd6 46. exd6 Nb6 47. Ka3 Kxh5
48. Bf2 Nd7 49. Kxa4 Kg6 50. Kb5 f6 51. Kc6 Nf8 52. d7 Nxd7 53. Kxd7 Kf5 54. Kd6
e5 55. Kd5 Kf4 56. Kc4 e4 57. Kc3 f5 58. Kd2 Kf3 59. Be3 f4 60. Bxf4 1/2-1/2

[Event "Druzynowe Mistrzostwa Polski Juniorow 2019 - II Liga"]
[Site "Szczyrk"]
[Date "1899-12-30"]
[Round "6.58"]
[White "Zaborski, Igor"]
[Black "Chmiel, Pawel"]
[Result "0-1"]
[WhiteTitle "II"]
[BlackTitle "II"]
[WhiteElo "1372"]
[BlackElo "1367"]

1. d4 Nf6 2. Nf3 g6 3. c4 Bg7 4. Nc3 d6 5. Bg5 O-O 6. e3 Nbd7 7. Be2 e5 8. dxe5
Nxe5 9. Nxe5 dxe5 10. Qxd8 Rxd8 11. Bxf6 Bxf6 12. Nd5 Bg7 13. Nxc7 Rb8 14. Nd5
Be6 15. e4 Bf8 16. O-O Bc5 17. Kh1 b5 18. b3 bxc4 19. Bxc4 Kg7 20. Rac1 Bd4 21.
h3 Rdc8 22. Rcd1 a5 23. f4 f6 24. fxe5 fxe5 25. Rc1 Rf8 26. Rxf8 Rxf8 27. Ne7
Bxc4 28. bxc4 Bc5 29. Nc6 Rf2 30. Nxa5 Rxa2 31. Nb3 Be3 32. Rc3 Re2 33. g4 Bd4
34. Nxd4 exd4 35. Rd3 Rxe4 36. Kg2 Kf6 37. Kf3 Ke5 38. c5 Rf4+ 39. Kg3 g5 40.
Rd1 Kd5 41. Rc1 Kc6 42. h4 h6 43. hxg5 hxg5 44. Ra1 d3 45. Rd1 Rd4 46. Kf3 Kxc5
47. Ke3 Kc4 48. Rc1+ Kd5 49. Rd1 Ke5 50. Rd2 Rxg4 51. Kf3 Rh4 0-1

[Event "Druzynowe Mistrzostwa Polski Juniorow 2019 - II Liga"]
[Site "Szczyrk"]
[Date "1899-12-30"]
[Round "6.59"]
[White "Kulpa, Zuzanna"]
[Black "Lajdamik, Anna"]
[Result "1-0"]
[WhiteTitle "I++"]
[BlackTitle "I"]
[WhiteElo "1802"]
[BlackElo "1324"]

1. d4 d5 2. c4 c6 3. Nf3 Nf6 4. Nc3 g6 5. Bf4 Bg7 6. e3 O-O 7. Bd3 Nbd7 8. h3 Re8
9. O-O Nf8 10. Bh2 N8d7 11. cxd5 cxd5 12. Nb5 Rf8 13. Nc7 Rb8 14. Qb3 a6 15. Nxa6
Ra8 16. Nc7 Ra7 17. Nb5 Ra8 18. Bc7 Qe8 19. Nc3 Kh8 20. Rfc1 e6 21. Nb5 Ne4 22.
Bxe4 dxe4 23. Nd6 Qe7 24. Nxe4 Qe8 25. Nd6 Qe7 26. Nb5 Rg8 27. Bd6 Qd8 28. Nc7
Ra7 29. Qb4 Bf8 30. Ne5 Nxe5 31. dxe5 Bxd6 32. exd6 1-0

[Event "Druzynowe Mistrzostwa Polski Juniorow 2019 - II Liga"]
[Site "Szczyrk"]
[Date "1899-12-30"]
[Round "6.60"]
[White "Jaros, Emilia"]
[Black "Kulpa, Karolina"]
[Result "1-0"]
[WhiteTitle "I"]
[BlackTitle "I"]
[WhiteElo "1112"]
[BlackElo "1273"]

1. e4 c6 2. Nc3 d5 3. Nf3 Bg4 4. exd5 cxd5 5. d4 Nc6 6. Bb5 Nf6 7. h3 Bxf3 8. Qxf3
e6 9. Bg5 Be7 10. O-O O-O 11. Bxc6 bxc6 12. Rfe1 Qb6 13. Rab1 Qxd4 14. Qg3 Nh5
15. Qe5 Qxe5 16. Rxe5 Bf6 17. Bxf6 Nxf6 18. g4 Nd7 19. Re2 Rab8 20. a3 Rb7 21.
f4 Rfb8 22. Na4 Rb5 23. b4 a5 24. c3 c5 25. Reb2 axb4 26. cxb4 Kf8 27. Kf2 Ke7
28. Ke2 d4 29. Kd3 Kd6 30. Kc4 Kc6 31. bxc5 Rxb2 32. Rxb2 Rxb2 33. Nxb2 Nxc5 34.
Kxd4 f6 35. a4 Nb3+ 36. Kc3 Na5 37. Kb4 Kb6 38. Nc4+ Nxc4 39. Kxc4 Ka5 40. Kc5
e5 41. fxe5 fxe5 42. Kd5 e4 43. Kxe4 Kxa4 44. h4 Kb5 45. Ke5 h5 46. g5 Kc5 47.
Kf5 Kd5 48. Kg6 Ke6 49. Kxg7 1-0

[Event "Druzynowe Mistrzostwa Polski Juniorow 2019 - II Liga"]
[Site "Szczyrk"]
[Date "1899-12-30"]
[Round "6.61"]
[White "Majocha, Piotr"]
[Black "Marczak, Szymon"]
[Result "1/2-1/2"]
[WhiteTitle "I++"]
[BlackTitle "I++"]
[WhiteElo "2005"]
[BlackElo "1857"]

1. c4 c5 2. Nf3 f5 3. Nc3 g6 4. e4 d6 5. Bd3 f4 6. e5 dxe5 7. Nxe5 Nc6 8. Nxc6
Qxd3 9. Ne5 Qd6 10. Qe2 Bg7 11. Nf3 Bd7 12. O-O O-O-O 13. Ne4 Qc7 14. Neg5 Nh6
15. Rd1 e5 16. Rb1 Bf5 17. d3 Qd6 18. Ne4 Bxe4 19. Qxe4 Rhe8 20. b4 Qc6 21. Ba3
Qxe4 22. dxe4 cxb4 23. Bxb4 Nf7 24. Rd5 Rxd5 25. cxd5 Kd7 26. Rc1 Bf8 27. Bxf8
Rxf8 28. Kf1 Rc8 29. Rxc8 Kxc8 30. Ke2 Kc7 31. Kd3 b5 32. Ne1 Kb6 33. Kc3 a5 34.
a3 Ka6 35. Nd3 Kb6 36. f3 g5 37. Kb3 h6 1/2-1/2

[Event "Druzynowe Mistrzostwa Polski Juniorow 2019 - II Liga"]
[Site "Szczyrk"]
[Date "1899-12-30"]
[Round "6.62"]
[White "Gabzdyl, Mateusz"]
[Black "Szydelko, Michal"]
[Result "0-1"]
[WhiteTitle "II"]
[BlackTitle "I"]
[WhiteElo "1222"]
[BlackElo "1843"]

1. d4 d5 2. Nf3 Nf6 3. c4 e6 4. Nc3 Be7 5. Bf4 O-O 6. e3 b6 7. Bd3 Bb7 8. O-O Nbd7
9. Rc1 c5 10. cxd5 Nxd5 11. Nxd5 exd5 12. b3 Rc8 13. Re1 Nf6 14. Ne5 cxd4 15.
exd4 Ba3 16. Rxc8 Qxc8 17. Bg5 Ne4 18. Bxe4 dxe4 19. Nc4 Bb4 20. Re3 b5 21. Nd2
f5 22. Bf4 Qd7 23. Be5 Bd6 24. f4 Bxe5 25. dxe5 Rd8 26. Re2 Qd4+ 27. Kf1 e3 0-1

[Event "Druzynowe Mistrzostwa Polski Juniorow 2019 - II Liga"]
[Site "Szczyrk"]
[Date "1899-12-30"]
[Round "6.63"]
[White "Bochenek, Ryszard"]
[Black "Wieczorek, Karol"]
[Result "0-1"]
[WhiteTitle "II"]
[BlackTitle "II+"]
[WhiteElo "1362"]
[BlackElo "1502"]

1. d4 Nf6 2. Nf3 c5 3. g3 d5 4. Bg2 Bf5 5. b3 e6 6. Bb2 Nc6 7. O-O Be7 8. e3 Nb4
9. Na3 O-O 10. Nh4 Bg4 11. f3 Bh5 12. g4 Bg6 13. Nxg6 hxg6 14. h4 Nd7 15. g5 f6
16. f4 fxg5 17. hxg5 Kf7 18. c3 Nc6 19. e4 dxe4 20. Bxe4 Rh8 21. Qd3 Nf8 22. d5
exd5 23. Bxd5+ Ke8 24. Qc4 Qd7 25. Bxc6 Qxc6 26. Rab1 Qh1+ 27. Kf2 Qh2+ 28. Ke1
Qg3+ 29. Kd1 Rd8+ 0-1

[Event "Druzynowe Mistrzostwa Polski Juniorow 2019 - II Liga"]
[Site "Szczyrk"]
[Date "1899-12-30"]
[Round "6.64"]
[White "Grzybek, Mikolaj"]
[Black "Szuber, Dawid"]
[Result "0-1"]
[WhiteTitle "II"]
[BlackTitle "II"]
[WhiteElo "1305"]
[BlackElo "1340"]

1. e4 c5 2. Nf3 Nc6 3. d4 cxd4 4. Nxd4 d5 5. Bb5 dxe4 6. Nxc6 Qxd1+ 7. Kxd1 a6
8. Nxe7+ axb5 9. Nxg8 Rxg8 10. Re1 Bg4+ 11. f3 O-O-O 12. Ke2 exf3+ 13. gxf3 Bf5
14. c3 Bc5 15. Bd2 Rge8+ 16. Kd1 Re3 17. Rxe3 Bxe3 18. Ke2 Bb6 19. Bf4 Bd3+ 20.
Ke1 Re8+ 21. Kd2 Rd8 22. Ke1 Re8+ 23. Kd2 Bc4 24. Kc2 Re2+ 25. Nd2 Bc7 26. Bxc7
Kxc7 27. b3 Bd5 28. Rg1 g6 29. h3 Bxf3 30. Rf1 Bd5 31. Rf4 f5 32. Kd3 Re7 33.
c4 bxc4+ 34. bxc4 Bc6 35. Kd4 b6 36. Kd3 h6 37. Kd4 Kd6 38. Rh4 h5 39. Rf4 Rf7
40. h4 Ke6 41. Nb3 Rd7+ 42. Ke3 Ke5 43. Rf1 Be4 44. Nd4 Rxd4 0-1

[Event "Druzynowe Mistrzostwa Polski Juniorow 2019 - II Liga"]
[Site "Szczyrk"]
[Date "1899-12-30"]
[Round "6.65"]
[White "Wasala, Wiktoria"]
[Black "Zamarska, Sylwia"]
[Result "1/2-1/2"]
[WhiteTitle "I"]
[BlackTitle "I++"]
[WhiteElo "1515"]
[BlackElo "1628"]

1. e4 d5 2. exd5 Nf6 3. d4 Bg4 4. Be2 Bxe2 5. Nxe2 Qxd5 6. O-O Nc6 7. Nbc3 Qf5
8. Ng3 Qg6 9. Nce2 h5 10. h4 O-O-O 11. c3 Qg4 12. f3 Qd7 13. Bg5 Nd5 14. Ne4 b6
15. c4 Nf6 16. d5 Nb8 17. Nd4 c6 18. Rc1 Kb7 19. Nxc6 Nxc6 20. dxc6+ Kxc6 21.
Qa4+ Kb7 22. Qxd7+ Rxd7 23. c5 Rc7 24. Bf4 Rc6 25. cxb6 Rxc1 26. Rxc1 Nxe4 27.
fxe4 axb6 28. Rc7+ Ka6 29. Kf1 f6 30. Rc8 Kb7 31. Rb8+ Ka6 32. Bc7 e5 33. Rxb6+
Ka7 34. Rb8 g6 35. Bd6 Bg7 36. Rxh8 Bxh8 37. b4 Kb6 38. a4 Bg7 39. Bc5+ Kc6 40.
Ke2 Bh6 41. Be3 Bf8 42. b5+ Kc7 43. a5 Bb4 44. a6 Ba5 45. b6+ Kc6 46. b7 Bc7 47.
Ba7 Kb5 48. b8=Q+ Bxb8 49. Bxb8 Kxa6 50. Kf3 Kb5 51. g4 Kc5 52. gxh5 gxh5 53.
Ke3 Kc6 54. Kd3 Kd7 55. Kc4 Ke6 56. Kd3 f5 57. Ke3 Kf6 58. Bc7 Ke6 59. exf5+ Kxf5
60. Bd8 e4 61. Bg5 Ke5 62. Bf4+ Kf5 63. Bg5 Ke5 64. Bf4+ Kf5 65. Bg5 Ke5 66. Bf4+
Kf5 67. Kd4 1/2-1/2

[Event "Druzynowe Mistrzostwa Polski Juniorow 2019 - II Liga"]
[Site "Szczyrk"]
[Date "1899-12-30"]
[Round "6.67"]
[White "Twardowski, Hubert"]
[Black "Laszczak, Przemyslaw"]
[Result "0-1"]
[WhiteTitle "I"]
[BlackTitle "k"]
[WhiteElo "1830"]
[BlackElo "1942"]

1. e4 c6 2. d4 d5 3. exd5 cxd5 4. c4 Nf6 5. Nc3 e6 6. Nf3 Bb4 7. Qb3 Nc6 8. Bg5
O-O 9. Bd3 dxc4 10. Bxc4 h6 11. Bxf6 Qxf6 12. O-O Bxc3 13. Qxc3 Rd8 14. Rad1 b6
15. Ne5 Bb7 16. Rfe1 Rac8 17. Nxf7 Rxd4 18. Rxd4 Nxd4 19. Nd6 Rf8 20. Qe3 Bd5
21. Bxd5 exd5 22. Ne8 Qh4 23. Rd1 Qh5 24. Qxd4 Rxe8 25. h3 Kh8 26. f3 Re5 27.
Rc1 Qe8 28. Rc2 Qe6 29. Kf2 Qf5 30. Rd2 h5 31. h4 Qf6 32. a3 Kh7 33. Rc2 Re2+
0-1

[Event "Druzynowe Mistrzostwa Polski Juniorow 2019 - II Liga"]
[Site "Szczyrk"]
[Date "1899-12-30"]
[Round "6.68"]
[White "Czarnomski, Dominik"]
[Black "Sulima, Franciszek"]
[Result "0-1"]
[WhiteTitle "II+"]
[BlackTitle "II"]
[WhiteElo "1541"]
[BlackElo "1357"]

1. e4 c5 2. Nf3 Nc6 3. Bb5 e6 4. Bxc6 bxc6 5. d3 Ne7 6. O-O Ng6 7. Re1 e5 8. Nc3
Be7 9. b3 O-O 10. Bb2 f6 11. Na4 d5 12. c4 Nf4 13. Ba3 dxe4 14. dxe4 Ne6 15. Qxd8
Rxd8 16. Rad1 Bd7 17. Rd2 Be8 18. Red1 Rxd2 19. Rxd2 Bg6 20. Nc3 Kf8 21. Ne1 Rd8
22. Rxd8+ Bxd8 23. Nd3 Bb6 24. f3 Ke7 25. Kf2 Kd6 26. g3 f5 27. f4 fxe4 28. fxe5+
Kd7 29. Nf4 Bf5 30. Na4 g6 31. Ke3 Ke7 32. h4 Kd7 33. Nxe6 Kxe6 34. Kf4 h6 35.
Bxc5 g5+ 36. hxg5 hxg5+ 37. Ke3 Bxc5+ 38. Nxc5+ Kxe5 39. a3 Bg6 40. g4 a5 41.
Nd7+ Kd6 42. Nf8 Bf7 43. a4 Kc5 44. Kxe4 Kb4 45. Kd4 c5+ 46. Ke5 Kxb3 47. Nd7
Kxc4 48. Kf6 Be8 49. Nb6+ Kb3 50. Kxg5 c4 51. Nxc4 Kxc4 52. Kf4 Bxa4 53. Ke3 Kc3
54. g5 Bc2 55. Ke2 a4 56. g6 Bxg6 57. Kd1 a3 58. Kc1 a2 0-1

[Event "Druzynowe Mistrzostwa Polski Juniorow 2019 - II Liga"]
[Site "Szczyrk"]
[Date "1899-12-30"]
[Round "6.69"]
[White "Malinowski, Szymon"]
[Black "Krawczak, Patryk"]
[Result "1-0"]
[WhiteTitle "I"]
[BlackTitle "II"]
[WhiteElo "1657"]
[BlackElo "1117"]

1. d4 d5 2. Nf3 Nf6 3. e3 Bg4 4. Nbd2 Ne4 5. Be2 Nd7 6. Nxe4 dxe4 7. Nd2 Bxe2 8.
Qxe2 Nf6 9. Qb5+ c6 10. Qxb7 Qc8 11. Qxc8+ Rxc8 12. f3 exf3 13. gxf3 e6 14. Rg1
g6 15. b3 Nd5 16. Ke2 c5 17. c4 Nb4 18. Bb2 Bg7 19. a3 Nc6 20. Ne4 Ke7 21. Nxc5
e5 22. Rge1 Kd6 23. Ne4+ Ke7 24. d5 Nb8 25. a4 f5 26. Ba3+ Kf7 27. Nd6+ 1-0

[Event "Druzynowe Mistrzostwa Polski Juniorow 2019 - II Liga"]
[Site "Szczyrk"]
[Date "1899-12-30"]
[Round "6.70"]
[White "Olszewski, Antoni"]
[Black "Dembicki, Karol"]
[Result "0-1"]
[WhiteTitle "II"]
[BlackTitle "II"]
[WhiteElo "1380"]
[BlackElo "1397"]

1. e4 c5 2. Nf3 e6 3. d4 cxd4 4. Nxd4 Nf6 5. Nc3 d6 6. Be2 a6 7. O-O Be7 8. f4
O-O 9. Bf3 Qc7 10. Qe2 Nc6 11. Be3 Bd7 12. g4 Nxd4 13. Bxd4 Bc6 14. g5 Nd7 15.
h4 Rad8 16. h5 e5 17. Be3 exf4 18. Bxf4 Qb6+ 19. Kg2 Qxb2 20. Qd2 Ne5 21. Rab1
Qa3 22. Nd5 Bxd5 23. Qxd5 Qc3 24. Rxb7 Rfe8 25. Bxe5 dxe5 26. Rxe7 Qd2+ 27. Kh3
Rxe7 28. Qc5 Qxg5 29. Bg4 Ree8 30. Rf5 Qe7 31. Qc4 g6 32. hxg6 hxg6 33. Rf2 a5
34. Qb3 Rd4 35. Bf3 Kg7 36. c3 Rh8+ 37. Kg2 Qg5+ 38. Kf1 Qc1+ 39. Ke2 Rd2+ 0-1

[Event "Druzynowe Mistrzostwa Polski Juniorow 2019 - II Liga"]
[Site "Szczyrk"]
[Date "1899-12-30"]
[Round "6.71"]
[White "Filipska, Maja"]
[Black "Nowacka, Dorota"]
[Result "1-0"]
[WhiteTitle "I++"]
[BlackTitle "I+"]
[WhiteElo "1602"]
[BlackElo "1576"]

1. Nf3 e6 2. d4 d5 3. e3 c5 4. c3 Nf6 5. Bd3 Nc6 6. Nbd2 Be7 7. O-O O-O 8. b3 Qc7
9. Bb2 b6 10. Rc1 Bb7 11. dxc5 bxc5 12. c4 dxc4 13. Nxc4 Rfd8 14. Qe2 Nb4 15.
Bb1 Ne4 16. a3 Na6 17. Be5 Qc8 18. Qc2 f5 19. Rfd1 Bd5 20. Qb2 Bf8 21. Nfd2 Qb7
22. Nxe4 Bxe4 23. Bxe4 Qxe4 24. Qe2 Be7 25. h3 Qc6 26. Rxd8+ Rxd8 27. Rd1 Rxd1+
28. Qxd1 Qd5 29. Qe1 Bd8 30. Qc3 Bc7 31. Bxc7 Nxc7 32. Kh2 Nb5 33. Qa5 Qd7 34.
a4 Qc7+ 35. Qxc7 Nxc7 36. Ne5 Kf8 37. Nd7+ Ke7 38. Nxc5 Kd6 39. Nd3 Kd5 40. Kg3
e5 41. f3 Ne6 42. Kf2 g6 43. Ke2 e4 44. fxe4+ fxe4 45. Nf4+ Nxf4+ 46. exf4 Kd4
47. g4 a5 48. h4 e3 49. f5 gxf5 50. gxf5 Ke5 51. Kxe3 Kxf5 52. b4 axb4 53. a5
b3 54. Kd3 Kg4 55. a6 Kxh4 56. a7 b2 57. Kc2 h5 58. a8=Q Kh3 59. Qh1+ Kg4 60.
Kxb2 h4 61. Kc2 h3 62. Kd2 1-0